000 00623nam a22002297a 4500
001 14423
003 BD-JhCC
005 20251104105038.0
008 251104b |||||||| |||| 00| 0 eng d
020 _a9780141397429
035 _a(BD-JhCC) 14423
040 _aBD-JhCC
_dBD-JhCC
041 _aeng
082 _223
_a843.8
_bBAL
100 _aBalzac,Honoré de
245 _a The Atheist's Mass /
_cHonoré de Balzac
260 _aLondon:
_bPenguin Books,
_c2015
300 _a49p.;
_c17 cm.
490 _a Penguin little black classics,
_v41
650 _aFrench fiction Translations into English
942 _2ddc
_cBK
999 _c14423
_d14423